Estadísticas para Historia por Letra - N

Haz click aquí para intentar la prueba.

Estadísticas generales

  • Esta prueba ha sido intentada 3.598 veces
  • La puntuación promedio es 10 de 18

Estadísticas de respuestas

PistaRespuesta% Correcto
El conquistador francés que fue derrotado en WaterlooNapoleón
96%
Antiguo partido fascista de AlemaniaNazi
93%
La catedral en París cuya construcción comenzó en 1163Notre Dame
91%
La mayor ciudad italiana que fue fundada como una colonia griegaNápoles
77%
El zar que fue derrocado en 1917Nicolás II
70%
La reina egipcia más famosa, aparte de CleopatraNefertiti
68%
Emperador romano y entusiasta de la liraNerón
60%
El único presidente de los Estados Unidos que ha renunciadoRichard Nixon
60%
País del Pacífico que tenía 0 habitantes hasta el año 1300Nueva Zelanda
57%
El origen de la música jazzNueva Orleans
52%
Almirante victorioso en TrafalgarHoratio Nelson
47%
El grupo vikingo que se asentó en Francia y conquistó InglaterraNormandos
44%
Nombre anterior de la ciudad de Nueva YorkNueva Ámsterdam
40%
Tribu de nativos americanos que fueron empleados como "habladores de código" durante la Segunda Guerra MundialNavajo
28%
Ciudad china cuyo nombre significa "Capital del Sur"Nankin
18%
La isla ballenera de MassachusettsNantucket
16%
Región histórica del Sudán septentrionalNubia
16%
La familia que ha dominado la política india desde la independenciaNehru
14%

Distribución de puntuación

Porcentaje por número respondido

Porcentaje de gente con cada puntuación

Historial de tus puntuaciones

No has intentado esta prueba.